000 01229cam a22002891ia4500
003 SA_RiAUC
005 20250812033746.0
008 250811s2008____su g f000 0 ara c
020 _a9786030205899
040 _aSA-MaHRM
_bara
_cSA-RiAUC
_erda
082 0 4 _a258.4
_qSA-RiAUC
090 _a258.4
_bا ب ن ح
100 1 _aابن حامد، الحسن بن حامد بن علي،
_dتوفي 403 هجري
_eمؤلف.
245 1 0 _aتهذيب الأجوبة /
_cالحسن بن حامد البغدادي الحنبلي ؛ دراسة وتحقيق عبد العزيز بن محمد بن عيسى القايدي.
250 _aالطبعة الثانية.
264 1 _aالمدينة المنورة :
_bالجامعة الإسلامية،
_c2008.
300 _a2 مجلد ؛
_c24 سم
336 _aنص
_btxt
_2rdacontent
_3كتاب
337 _aبدون وسيط
_bn
_2rdamedia
338 _aمجلد
_bnc
_2rdacarrier
650 7 _aالفقه الحنبلي
_2aucsh
650 7 _aالفقه الإسلامي
_xمذاهب
_2aucsh
653 _aالديانات
700 1 _aالقايدي، عبد العزيز بن محمد بن عيسى
_eمحقق.
942 _2ddc
_cBOOK
_n0
949 _aSA-JeALM
_d250811
_uosman123
_n1
999 _c10739
_d10739